000 01033nam a2200313 i 4500
003 DO-SdBNP
005 20241115085531.0
007 ta
008 150113s2024 dr a 000 0 spa d
020 _a9781953277015
040 _aDO-SdBNP
_bspa
_cBNPHU
_erda
041 _aspa
082 4 _a305.26
_bB369e
_222
100 1 _aBeato, Martha,
_972845
_eautora
245 1 3 _aEl arte de vivir en la edad madura :
_bguía para disfrutar la segunda mitad de la vida /
_cMartha Beato
264 4 _aSanto Domingo :
_bAmigo del Hogar,
_c©2024.
300 _a385 páginas ;
_c23 cm.
336 _atexto
_btxt
_2rdacontent
337 _asin mediación
_bn
_2rdamedia
338 _avolumen
_bnc
_2rdacarrier
500 _aIncluye datos biográficos de la autora en la contracubierta.
590 _aInventariado, 2024/BT
650 7 _aEdad adulta
_xAspectos sociales
_986800
650 7 _aVejez
_xAspectos sociales
_91911
650 7 _aCalidad de vida
_985379
650 7 _aEstilo de vida
_921336
910 _aBtavárez
942 _2ddc
_cLBS1
999 _c57349
_d57349